The Legend of Zelda: Ocarina of Time ‒ Items by Picture - Statistics

General Stats
  • This quiz has been taken 462 times
  • The average score is 29 of 38
Answer Stats
Picture Answer % Correct
Deku Stick
93%
Bomb
92%
Fairy Bow
92%
Master Sword
92%
Arrows
91%
Fairy Slingshot
91%
Ocarina of Time
91%
Deku Nut
90%
Empty Bottle
90%
Boomerang
89%
Hookshot
89%
Fire Arrow
87%
Hylian Shield
87%
Ice Arrow
84%
Kokiri Sword
83%
Deku Shield
82%
Iron Boots
82%
Light Arrow
81%
Mirror Shield
80%
Bombchu
78%
Kokiri Tunic
76%
Biggoron's Sword
75%
Goron Tunic
74%
Zora Tunic
73%
Longshot
72%
Goron Bracelet
70%
Kokiri Boots
69%
Deku Seeds
68%
Lens of Truth
68%
Magic Bean
68%
Hover Boots
64%
Megaton Hammer
64%
Fairy Ocarina
63%
Goron Ruby
60%
Kokiri Emerald
60%
Zora Sapphire
58%
Golden Gauntlets
53%
Silver Gauntlets
52%
No matching quizzes found
Score Distribution
Percent of People with Each Score
Percentile by Number Answered
Your Score History
You have not taken this quiz